Nirgamana (Record no. 233664)
[ view plain ]
| 000 -LEADER | |
|---|---|
| fixed length control field | 02204nam a22002297a 4500 |
| 005 - DATE AND TIME OF LATEST TRANSACTION | |
| control field | 20250407103922.0 |
| 008 - FIXED-LENGTH DATA ELEMENTS--GENERAL INFORMATION | |
| fixed length control field | 250120b ||||| |||| 00| 0 eng d |
| 020 ## - INTERNATIONAL STANDARD BOOK NUMBER | |
| International Standard Book Number | 9789392230783 |
| 040 ## - CATALOGING SOURCE | |
| Transcribing agency | AL |
| 041 ## - LANGUAGE CODE | |
| Language code of text/sound track or separate title | Kannada |
| 082 ## - DEWEY DECIMAL CLASSIFICATION NUMBER | |
| Edition number | 23 |
| Classification number | K894.3 |
| Item number | JOGN |
| 100 ## - MAIN ENTRY--PERSONAL NAME | |
| Personal name | Jogi |
| 100 ## - MAIN ENTRY--PERSONAL NAME | |
| 9 (RLIN) | 207680 |
| 100 ## - MAIN ENTRY--PERSONAL NAME | |
| Numeration | ಜೋಗಿ |
| 9 (RLIN) | 207681 |
| 245 ## - TITLE STATEMENT | |
| Title | Nirgamana |
| Remainder of title | ನಿರ್ಗಮನ |
| 260 ## - PUBLICATION, DISTRIBUTION, ETC. | |
| Place of publication, distribution, etc. | Bengaluru |
| Name of publisher, distributor, etc. | Ankita Pustaka |
| Date of publication, distribution, etc. | 2024 |
| 300 ## - PHYSICAL DESCRIPTION | |
| Extent | 160 p. |
| Other physical details | PB |
| Dimensions | 22x14 cm. |
| 365 ## - TRADE PRICE | |
| Price type code | BLCR-000064 |
| Price amount | ₹136.00 |
| Currency code | ₹ |
| Unit of pricing | ₹170.00 |
| Price note | 20% |
| Price effective from | 13-01-2025 |
| 520 ## - SUMMARY, ETC. | |
| Summary, etc. | ಜೋಗಿಯವರ 'ನಿರ್ಗಮನ' ನಾಪತ್ತೆಯಾದ ಅಪ್ಪನನ್ನು ಹುಡುಕಿ ಹೊರಟ ಮಗನ ಕತೆ. ಮಗ ಪ್ರಭಾವಶಾಲಿ ಡಿಜಿಟಲ್ ಮಾಧ್ಯಮವೊಂದರ ಮುಖ್ಯಸ್ಥ. ಇದು ಕೇವಲ ಅಪ್ಪನ ಹುಟುಕಾಟವಾಗದೆ ತನ್ನನ್ನು ತಾನು ಬಗೆಯುವ ಕಥನ ಕೂಡಾ ಆಗುತ್ತದೆ. <br/><br/> ಮೀಡಿಯಾದ ಘೋರಮುಖ ಅದರ ರಾಜಕೀಯ ತಂತ್ರ ಕುತಂತ್ರದಲ್ಲಿ ಸಿಲುಕುವ ಬಗೆಯನ್ನು ಕಥಾನಾಯಕ ಅನಿರುದ್ಧ ಪ್ರತಿನಿಧಿಸುತ್ತಾನೆ. ಅಪ್ಪನೊಳಗಿನ ಹೋರಾಟಗಾರರನ್ನು ಅರಿಯುವ ಮಗನ ಪ್ರಯತ್ನ ಅವನೊಳಗಿನ ಪೊಳ್ಳುತನವನ್ನು ಅರಿಯುವಂತೆ ಮಾಡುತ್ತದೆ ಮಾತ್ರವಲ್ಲ, ನಿಜದ ಬೆಳಕಿನ ಹಾದಿಯನ್ನು ನಿಚ್ಚಳಗೊಳಿಸುತ್ತದೆ ಇಂದಿಗೆ ಅತ್ಯಂತ ಪ್ರಸ್ತುತವಾಗಿರುವ ಈ ಕೃತಿ ಹಲವಾರು ಸಂಘರ್ಷಗಳನ್ನು ಮುಖಾಮುಖಿಯಾಗಿಸುತ್ತದೆ. <br/><br/>ಎಂದಿನಂತೆ ಜೋಗಿಯವರ ಕುತೂಹಲಕಾರಿ ಕಥನ ಶೈಲಿ ಒಂದು ಗುಕ್ಕಿನಲ್ಲಿ ಓದಿಸಿಕೊಳ್ಳುತ್ತದೆ. |
| 650 ## - SUBJECT ADDED ENTRY--TOPICAL TERM | |
| Topical term or geographic name entry element | No country for old men |
| 9 (RLIN) | 194187 |
| 650 ## - SUBJECT ADDED ENTRY--TOPICAL TERM | |
| Topical term or geographic name entry element | fiction ಕಾದಂಬರಿ |
| 9 (RLIN) | 194188 |
| 942 ## - ADDED ENTRY ELEMENTS (KOHA) | |
| Source of classification or shelving scheme | Dewey Decimal Classification |
| Koha item type | Book |
| Withdrawn status | Lost status | Source of classification or shelving scheme | Damaged status | Not for loan | Collection code | Home library | Current library | Date acquired | Source of acquisition | Cost, normal purchase price | Total Checkouts | Full call number | Barcode | Date last seen | Date last checked out | Cost, replacement price | Price effective from | Koha item type |
|---|---|---|---|---|---|---|---|---|---|---|---|---|---|---|---|---|---|---|
| Dewey Decimal Classification | Botany | St Aloysius Library | St Aloysius Library | 01/20/2025 | Navakarnataka Publications Pvt Ltd Mangaluru-575001 | 136.00 | 2 | K894.3 JOGN | 077539 | 03/16/2026 | 03/14/2026 | 170.00 | 01/20/2025 | Book |